| 000 | 00460nam a2200157 4500 | ||
|---|---|---|---|
| 001 | 126263 | ||
| 003 | ES-MaACL | ||
| 005 | 20230906192804.0 | ||
| 007 | t| | ||
| 008 | 070214s1964 sp r ||||1| spa d | ||
| 100 | 1 |
_aRemírez Muneta, Jesús. _996133 |
|
| 245 | 1 | 4 |
_aUna obra de Juan XXIII _b: el primer sínodo romano / _cJesús Remírez Muneta. |
| 260 |
_aMadrid : _bStudium, _c1964. |
||
| 300 |
_a154 p. ; _c19 cm. |
||
| 852 |
_aES-MaACL _jC-27099 _bR.56092 |
||
| 999 |
_c126263 _d126263 |
||